[Event "Marseille op 16th"]
[Site "Marseille"]
[Date "2023.12.30"]
[Round "7"]
[White "De Carvalho Massabo, Raphael"]
[Black "Charlier, Antoine"]
[Result "1/2-1/2"]
[WhiteElo "2137"]
[BlackElo "2147"]
[PlyCount "122"]
[EventDate "2023.12.30"]
[EventType "swiss"]
[EventRounds "9"]
[EventCountry "FRA"]
[SourceTitle "CB01_2024"]
[SourceDate "2024.01.03"]
[SourceVersion "1"]
[SourceVersionDate "2024.01.03"]
[SourceQuality "1"]

1. e4 e5 2. Nf3 Nc6 3. Bc4 Nf6 4. d3 h6 5. 0-0 d6 6. a4 g5 7. Nc3 Bg7 8. a5 a6 9. Be3 0-0 10. Re1 Re8 11. h3 g4 12. hxg4 Bxg4 13. Nb1 Nd4 14. Nbd2 Nxf3+ 15. Nxf3 Nh7 16. Qd2 Qf6 17. Nh2 Bd7 18. c3 Ng5 19. Rf1 Qg6 20. Qe2 Kh8 21. Bxg5 hxg5 22. g4 Rad8 23. Kg2 Bc6 24. Qf3 Kg8 25. Rh1 Qf6 26. Rad1 Qxf3+ 27. Nxf3 d5 28. exd5 Bxd5 29. Bxd5 Rxd5 30. Nxg5 Red8 31. Rh3 Rxa5 32. Ne4 Kf8 33. g5 Rb5 34. Rd2 Rb6 35. Kf3 f5 36. gxf6 Bxf6 37. Nxf6 Rxf6+ 38. Ke4 Ke7 39. Rh7+ Kd6 40. d4 Rf4+ 41. Ke3 Rdf8 42. dxe5+ Kc6 43. Rh6+ Kb5 44. Rd5+ c5 45. e6 Rf3+ 46. Ke4 Rxf2 47. b4 R8f4+ 48. Ke5 Rf5+ 49. Kd6 Rxd5+ 50. Kxd5 Rd2+ 51. Ke5 cxb4 52. cxb4 Re2+ 53. Kd6 Kxb4 54. e7 Rxe7 55. Kxe7 a5 56. Rb6+ Kc3 57. Rxb7 a4 58. Kd6 a3 59. Kc5 a2 60. Ra7 Kb2 61. Rxa2+ Kxa2 1/2-1/2

[Event "Marseille Estival 1st"]
[Site "Marseille"]
[Date "2023.08.06"]
[Round "9"]
[White "Charvein, Gabriel"]
[Black "Charlier, Antoine"]
[Result "1/2-1/2"]
[WhiteElo "1993"]
[BlackElo "2016"]
[PlyCount "188"]
[EventDate "2023.07.31"]
[EventType "swiss"]
[EventRounds "9"]
[EventCountry "FRA"]
[SourceTitle "CBM 215 Extra"]
[Source "ChessBase"]
[SourceDate "2023.09.30"]
[SourceVersion "1"]
[SourceVersionDate "2023.09.30"]
[SourceQuality "1"]

1. e4 e5 2. Nf3 Nc6 3. Bc4 Nf6 4. d4 exd4 5. 0-0 Nxe4 6. Nc3 Nxc3 7. bxc3 d5 8. Bb5 Be7 9. cxd4 0-0 10. Bxc6 bxc6 11. Ne5 Bd6 12. Re1 Bd7 13. Qf3 f6 14. Nd3 Qc8 15. Bf4 Bf5 16. Bxd6 cxd6 17. Nf4 Qd7 18. c3 Rae8 19. h3 Re4 20. Nh5 Rfe8 21. Red1 Bg6 22. Ng3 R4e7 23. h4 h6 24. Rac1 Qe6 25. Rd2 Be4 26. Qh5 f5 27. Ne2 f4 28. Nxf4 Qf6 29. Qg4 Bf5 30. Qg3 g5 31. Rf1 Re4 32. Nd3 Rxh4 33. f3 Bxd3 34. Rxd3 Qf4 35. Qxf4 Rxf4 36. Kf2 Rb8 37. Rd2 Rf7 38. Re1 Rd7 39. Re6 Kg7 40. Rde2 a5 41. Kg3 Rbb7 42. Kg4 a4 43. Kh5 Rb1 44. Rg6+ Kf7 45. Ree6 Re7 46. Rgf6+ Ke8 47. Kxh6 Rxe6 48. Rxe6+ Kd7 49. Rf6 Rb2 50. g4 Rxa2 51. Rf7+ Ke6 52. Kg6 Rf2 53. Ra7 Rxf3 54. Rxa4 Rxc3 55. Kxg5 Rc4 56. Ra6 Rxd4 57. Rxc6 Rc4 58. Ra6 d4 59. Kf4 Rc5 60. Ke4 Rd5 61. Kd3 Ke5 62. Ra4 Rb5 63. Rxd4 d5 64. Ke3 Rb3+ 65. Rd3 d4+ 66. Ke2 Rb7 67. g5 Ke4 68. Rh3 Rb2+ 69. Kd1 Rg2 70. Rh4+ Kd3 71. Rh3+ Kc4 72. Ra3 Rxg5 73. Ra4+ Kd3 74. Ra3+ Ke4 75. Rh3 Ra5 76. Rh4+ Kd3 77. Rh3+ Kc4 78. Rg3 Ra2 79. Rh3 Ra8 80. Kd2 Rg8 81. Rf3 Rg2+ 82. Kd1 Rh2 83. Rg3 Rh4 84. Rf3 Re4 85. Kd2 Re8 86. Rh3 Rg8 87. Rf3 Rg4 88. Rh3 Rg2+ 89. Kd1 d3 90. Rh8 Rg5 91. Rc8+ Rc5 92. Rxc5+ Kxc5 93. Kd2 Kd4 94. Kd1 Ke4 1/2-1/2

[Event "FRA Top 16 Higher Pool U16"]
[Site "France"]
[Date "2022.06.04"]
[Round "1.5"]
[White "Mimoune, Kenzi"]
[Black "Charlier, Antoine"]
[Result "1-0"]
[WhiteElo "1634"]
[BlackElo "1872"]
[PlyCount "97"]
[EventDate "2022.06.04"]
[EventType "tourn"]
[EventRounds "4"]
[EventCountry "FRA"]
[SourceTitle "EXT 2023"]
[Source "ChessBase"]
[SourceDate "2022.10.05"]
[SourceVersion "1"]
[SourceVersionDate "2022.10.05"]
[SourceQuality "1"]

1. e4 e5 2. Nf3 Nc6 3. Bc4 Nf6 4. d3 h6 5. 0-0 d6 6. c3 g5 7. Re1 Bg7 8. a4 a5 9. Nbd2 g4 10. Nh4 Nxe4 11. dxe4 Qxh4 12. Nf1 h5 13. Ne3 Qd8 14. Qb3 0-0 15. Bd2 Qe8 16. Nd5 Qd8 17. Rad1 Kh8 18. Qc2 Ne7 19. Bg5 f6 20. Nxe7 Qxe7 21. Be3 f5 22. exf5 Bxf5 23. Qb3 c6 24. Qa3 Rfd8 25. Bb6 Rd7 26. Bd3 Bxd3 27. Rxd3 c5 28. Qb3 Ra6 29. Qb5 Qe6 30. Bxc5 Rf7 31. Be3 Bh6 32. Bxh6 Qxh6 33. Qe8+ Kg7 34. Red1 Rb6 35. R3d2 Qf6 36. Qc8 Rc6 37. Qa8 Rc5 38. Kh1 d5 39. b4 Rxc3 40. Qxa5 d4 41. Qb5 Qf4 42. Qd5 Qxd2 43. Qxe5+ Rf6 44. Qe7+ Kg6 45. Qe8+ Kg5 46. h4+ Kxh4 47. Rxd2 d3 48. g3+ Kh3 49. Qxh5# 1-0